Представление документа в формате MARC21

ПолеНазваниеЗначение
  Тип записи a
  Библиографический уровень m
001 Контрольный номер RU/URAIT/586970
005 Дата корректировки 20260429163704.0
008 Кодируемые данные 260429s2026 RU y f j 000 0 rus u
020 Индекс ISBN __
a ISBN 978-5-534-10974-0
c Цена, тираж 1279.00
040 Источник каталогиз. __
a Служба первич. каталог. ИКО Юрайт
c Служба, преобразующая запись ИКО Юрайт
e Правила каталог. RCR
041 Код языка издания __
a Код языка текста rus
044 Код страны публикации __
a Код страны публикации RU
080 Индекс УДК __
a Индекс УДК 379.85(075.32)
084 Индекс другой классификации/Индекс ББК __
2 Источник индекса rubbk
a Индекс другой классификации/Индекс ББК 65.433я723
100 Автор __
a Автор Долженко Г. П.
q Полное имя Долженко Геннадий Петрович
245 Заглавие __
a Заглавие История туризма и гостеприимства
b Продолж. заглавия учебник для спо
c Ответственность Г. П. Долженко, Ю. С. Путрик, А. И. Черевкова.
250 Сведения об издании __
g пер. и доп
a Основные сведения об издании 2-е изд.
256 Характеристики компьютерного файла __
a Характеристики компьютерного файла Электрон. дан.
260 Выходные данные __
a Место издания Москва
b Издательство Юрайт
c Дата издания 2026
300 Физическое описание __
a Объем 226 с
440 Серия __
a Серия Профессиональное образование
500 Примечания __
a Примечание URL: https://urait.ru/bcode/586970 (дата обращения: 29.04.2026).
520 Аннотация __
a Аннотация В учебном издании представлена история развития туристско-экскурсионного дела в Российской империи, Советском Союзе и современной России через призму деятельности добровольных обществ и государственных организационных структур, занимавшихся туризмом. Дана новая, авторская периодизация истории российского туризма.
538 Прим. о системных особенностях __
a Прим. о системных особенностях Режим доступа: Электронно-библиотечная система Юрайт, для авториз. пользователей
653 Ключевые слова __
a Ключевые слова Туризм и гостеприимство
653 Ключевые слова __
a Ключевые слова Менеджмент
653 Ключевые слова __
a Ключевые слова История
653 Ключевые слова __
a Ключевые слова История туризма и гостеприимства
653 Ключевые слова __
a Ключевые слова Обществоведение
653 Ключевые слова __
a Ключевые слова Обществознание
653 Ключевые слова __
a Ключевые слова Обществознание (включая экономику и право)
653 Ключевые слова __
a Ключевые слова История (история России, всеобщая история)
653 Ключевые слова __
a Ключевые слова История (история России и всеобщая история)
653 Ключевые слова __
a Ключевые слова История (всеобщая история, история России)
653 Ключевые слова __
a Ключевые слова История России (всеобщая история)
653 Ключевые слова __
a Ключевые слова Введение в историю
653 Ключевые слова __
a Ключевые слова Введение в обществознание
653 Ключевые слова __
a Ключевые слова История (истории России, всеобщая история)
653 Ключевые слова __
a Ключевые слова История (истории России, всеобщей истории)
653 Ключевые слова __
a Ключевые слова История (история, всеобщая история)
653 Ключевые слова __
a Ключевые слова История (история России, всемирная история)
700 Другие авторы __
a Другие авторы Путрик Ю. С.
q Полное имя Путрик Юрий Степанович
700 Другие авторы __
a Другие авторы Черевкова А. И.
q Полное имя Черевкова Алена Игоревна
4 Код отношения 340
856 Электронный адрес документа 40
n Местонахождение сервера Юрайт
g Электронная книга
q Тип электронного формата html
h Имя пользователя ЮРАЙТ
v Часы доступа к ресурсу 20271231
2 Способ доступа Показать документ
x Служебное примечание https://urait.ru/book/cover/D9F695E9-D2B3-4038-A433-0BB95A1E69AE
u URL https://urait.ru/bcode/586970
856 Электронный адрес документа 48
q Тип электронного формата cover
u URL https://urait.ru/book/cover/D9F695E9-D2B3-4038-A433-0BB95A1E69AE
911 __
u 0030=https://urait.ru/bcode/586970
911 __
u 073a=9785534109740
u 073d=1279.00
911 __
u 106a=s
911 __
u 900l=
952 Тип литературы __
i Дисциплина История
952 Тип литературы __
i Дисциплина История туризма и гостеприимства
952 Тип литературы __
i Дисциплина Обществоведение
952 Тип литературы __
i Дисциплина Обществознание
952 Тип литературы __
i Дисциплина Обществознание (включая экономику и право)
952 Тип литературы __
i Дисциплина История (история России, всеобщая история)
952 Тип литературы __
i Дисциплина История (история России и всеобщая история)
952 Тип литературы __
i Дисциплина История (всеобщая история, история России)
952 Тип литературы __
i Дисциплина История России (всеобщая история)
952 Тип литературы __
i Дисциплина Введение в историю
952 Тип литературы __
i Дисциплина Введение в обществознание
952 Тип литературы __
i Дисциплина История (истории России, всеобщая история)
952 Тип литературы __
i Дисциплина История (истории России, всеобщей истории)
952 Тип литературы __
i Дисциплина История (история, всеобщая история)
952 Тип литературы __
i Дисциплина История (история России, всемирная история)